| 000 | 00745nam a22002657a 4500 | ||
|---|---|---|---|
| 003 | CHAP | ||
| 005 | 20220817041840.0 | ||
| 008 | 971013s1984 r 10010 d | ||
| 010 | _a26441 | ||
| 011 | _a27413 | ||
| 035 | _a31514 | ||
| 040 | _cCHAP | ||
| 090 | _aFolleto 9041y | ||
| 111 | 0 | 0 |
_aConferencia Regional de la FAO para Europa ( _n14 _d: 1984 _c: Reykjavik, Islandia) _926599 |
| 245 | 1 | _aInforme | |
| 260 |
_aRoma : _bFAO, _c1984 |
||
| 300 | _a(40) p. | ||
| 590 |
_aBATCH-UPD _b10 _c20130110 _lUCH01 _h1156 |
||
| 590 |
_aCONVERSION _b10 _c20130109 _lUCH01 _h1315 |
||
| 650 | 1 | 4 |
_aAgricultura _xEuropa _zEuropa. _9175388 |
| 710 | 0 | _aFAO. | |
| 901 | _aBK | ||
| 942 | _cFOLL | ||
| 949 |
_aFolleto 9041y _bBC _cFAO _d-72817 _eFAO1 _i31514 _mD _si |
||
| 999 |
_c26441 _d26441 |
||